Uso de la metodología de la indagación para la enseñanza de nociones sobre fuerzas en primer ciclo de la escuela primaria

En este trabajo realizamos una investigación cualitativa para estudiar la viabilidad de la metodología de indagación en ciencias naturales en las aulas españolas. Para ello, diseñamos una unidad didáctica planteada con esta metodología, que implantamos en un aula de segundo curso de primaria de un c...

Full description

Bibliographic Details
Main Author: Postigo Fernández, David
Other Authors: Greca, Ileana María (autora)
Format: Analitica de revista
Language:Spanish
Online Access:Acceso electrónico al documento

MARC

LEADER 00000cab a2200000 a 4500
001 041151
003 UAHC_CL
005 20251114194527.0
008 251114s2014 ag 000 spa
040 |a UAHC_CL  |c UAHC_CL  |d UAHC_CL 
100 |a Postigo Fernández, David  |9 22469 
245 1 4 |a Uso de la metodología de la indagación para la enseñanza de nociones sobre fuerzas en primer ciclo de la escuela primaria  |c David Postigo Fernández; Ileana María Greca. 
264 |a México :  |b Universidad Nacional de Córdoba,  |c 2014. 
300 |a 8 páginas. 
362 0 |a Año 1 (marzo/abril 1939)- 
500 |a En: Revista de enseñanza de La física, volumen 26, número 2, 2014. Desde la página 265-273. ISSN: 24516007. 
520 |a En este trabajo realizamos una investigación cualitativa para estudiar la viabilidad de la metodología de indagación en ciencias naturales en las aulas españolas. Para ello, diseñamos una unidad didáctica planteada con esta metodología, que implantamos en un aula de segundo curso de primaria de un colegio español, sobre el tema de fuerzas. Los resultados parecen mostrar que es viable utilizar esta metodología, ajustándose a los tiempos y al currículo impuestos en España. Además, la comprensión que alcanzan de los conceptos científicos abordados es, en general, muy alta, comparada con la alcanzada con la metodología tradicional, destacando los resultados alcanzados por alumnos con dificultades que parecen desarrollar una mayor comprensión de los conceptos propuestos tras poder experimentar de forma práctica con ellos. 
700 |a Greca, Ileana María  |9 22470  |e autora 
856 |3 Acceso electrónico al documento  |u https://revistas.unc.edu.ar/index.php/revistaEF/article/view/9762 
942 |c REVA  |2 ddc 
952 |0 0  |1 0  |2 ddc  |4 0  |6 RECURSO_ELECTRÓNICO  |7 0  |8 COMP  |9 101471  |a BR  |b BR  |c Digital  |d 2025-11-14  |l 0  |o Recurso electrónico  |r 2025-11-14 19:48:43  |w 2025-11-14  |y REVA  |B PBAS 
999 |c 63166  |d 63166